000 00649nam a2200253Ia 4500
003 OSt
005 20221005024721.0
006 a|||||r|||| 00| 0
007 ta
008 221004b |||||||| |||| 00| 0 eng d
020 _a0 909771103
024 _a18203
037 _cTextual
040 _aCRL
_cCRL
_beng
041 _2eng
_aeng
082 _aO11198,1x, L5
245 0 _aPoet's choice 1975
260 _aBundeena
_bIsland Press Australia
_c1975
300 _a44 p.
_ccm.
650 _a ENGLISH LITERATURE
650 _aAUSTRALIAN POETRY
_9580966
942 _hO11198,1x, L5
_cTEXL
_2cc
999 _c933315
_d933315